000 00912nam a2200205 4500
999 _c8251
_d8251
020 _a9781260571295; 1260571297
050 _aQP34.5
_b.Sal4
100 _a Saladin, Kenneth S.
245 _aAnatomy & Physiology :
_bthe unity of form and function /
_cKenneth S. Saladin ; digital authors, Christian A. Gan, Heather N. Cushman.
250 _aNinth edition
260 _aNew York, NY :
_bMcGraw-Hill Education,
_c[2021] ©2021
300 _a1 volume (various paging) :
_bcolor illustrations ;
_c29 cm.
500 _aIncludes index.
505 _aOrganization of the body -- Support and movement -- Internal coordination and control -- Circulation and defense -- Intake and output -- Reproduction and the life cycle.
650 _aHuman physiology -- Textbooks /
650 _aHuman anatomy -- Textbooks /
_xAnatomy /
700 _aGan, Christina A.
710 _aCushman, Heather N.
942 _cBK